000 01530nam a2200313Ia 4500
999 _c40419
_d40419
001 7027
003 GE_BSU
005 20231110122919.0
008 181216s2013||||ge |||||||||||||| ||geo||
020 _a9789941155789.
040 _cGE_BSU
041 _ageo
080 _a325.2(=353.1)+329.273(479.22)+351.746.1(479.22)+327.84(479.22) ბ-91
100 _aსულაძე, გელა
_920327
245 _aქართული ანტისაბჭოთა ემიგრაცია და სპეცსამსახურები /
_cგელა სულაძე ; სამეც. რედ. ვახტანგ გურული.
250 _aმე-2 გამოცემა
264 _aთბილისი :
_bბაკურ სულაკაურის გამ-ბა,
_c2012.
300 _a649 გვ. ;
_bფოტ. ;
_c24 სმ.
500 _aფოტოარქივი გვ. : 577-617
501 _aსაძიებელი გვ. : 634-649
504 _aბიბლიოგრაფია გვ. : 619-633
541 _h25ლ.
653 _aქართული ემიგრაცია
653 _aანტისაბჭოთა პარტიები საზღვარგარეთ
653 _aქართული სპეცსამსახურები
653 _aმეგრელთა საქმე
700 _aგურული, ვახტანგ
_eრედაქტორი
_920328
942 _cBK
_2udc